| 000 | 00934nac a22003017a 4500 | ||
|---|---|---|---|
| 001 | BR0101635 | ||
| 003 | BR-BrBNA | ||
| 005 | 20240105122528.0 | ||
| 008 | 230509b bl.|||m| |||| 00| 0 por d | ||
| 040 |
_aBR-BrBNA _bpor _cBiblioteca Nacional de Agricultura |
||
| 072 | _aH20 | ||
| 090 | _a1000 BR0101635 | ||
| 100 | 1 | _aCosta, M.M. da | |
| 100 | 1 | _aGasparotto, L. | |
| 100 | 1 | _aPereira, J.C.R. | |
| 100 | 1 | _aPereira, M.C.N. | |
| 110 | 1 | _aEMBRAPA Amazonia Ocidental, Manaus, AM (Brasil) | |
| 245 | 1 | _aLevantamento da incidencia da leprose nos pomares de citros no Estado do Amazonas | |
| 260 | 3 |
_aManaus, AM (Brasil): _c1999. |
|
| 300 | _a1 p. | ||
| 490 |
_aPesquisa em Andamento - EMBRAPA Amazonia Ocidental (Brazil) _vno. 26 _xISSN 1517-2538 |
||
| 650 | _aFruta Citrica | ||
| 650 | _aPomar | ||
| 650 | _aLeprose | ||
| 650 | _aAmazonas | ||
| 909 |
_a202312 _bLúcia Elande _c55 _dLúcia Elande |
||
| 942 |
_2AGRIS _n0 _cMS |
||
| 999 |
_c291496 _d291496 |
||